000 00615nam a2200229 i 4500
001 C2-0101562
003 PPAK
005 20180727095758.0
008 970526s1993 waua|||| ||||| | eng d
020 _a094323509X
040 _aPPAK
_beng
_cPPAK
_erda
082 0 4 _a364.1
_223
090 0 0 _a364.1
_bTRA
_dG
245 0 0 _aTraversty
264 1 _aWashington :
_bExecutive Intelligence Review ,
_c1993
300 _axiv, 327 pages :
_billustrations ;
_c18 cm
336 _2rdacontent
_atext
337 _2rdamedia
_aunmediated
338 _2rdacarrier
_avolume
650 1 0 _aCrime and criminals
942 _ddc
_cB
999 _c23397
_d23397